KOHA-Header-6

Readings In Electronic Commerce (Record no. 8465)

000 -LEADER
fixed length control field 00269nam a2200109Ia 4500
100 ## - MAIN ENTRY--AUTHOR NAME
Personal name Andrew B. Whinston
245 #0 - TITLE STATEMENT
Title Readings In Electronic Commerce
260 ## - PUBLICATION, DISTRIBUTION, ETC. (IMPRINT)
Place of publication London
Name of publisher Addison
Year of publication 1997
300 ## - PHYSICAL DESCRIPTION
Number of Pages 888
942 ## - ADDED ENTRY ELEMENTS (KOHA)
Koha item type Books
Holdings
Withdrawn status Lost status Collection code Permanent Location Current Location Shelving location Date acquired Full call number Accession Number Koha item type
    Business MAJU MAJU   2019-09-14 621.2 3188 Business

Powered by Koha